02432nam a2200409Ia 450000500170000000800410001702000150005808200180007311000440009124500860013525000190022130000410024049000620028150000210034350501810036465000400054565000390058565000290062465000430065365000360069665000350073294200120076726400580077933600270083733700330086433800280089704000350092599900150096095201310097595201310110695201310123795201330136895201290150195201290163095201310175995201320189020220317000617.0160601s2001 ck a g 000 0 spa  a958688069904a658.11 bC15f1 aCámara de Comercio de Bogotá95045210aFormas novedosas de hacer empresa bmódulo 4 cCámara de Comercio de Bogotá a1a. edición  a38 páginasbilustraciones c28 cm  aGuías de consulta rápida para crear empresapMódulo aIncluye glosario aGuía práctica de franquicias -- Outsourcing: una nueva alternativa empresarial -- Qué son y para qué sirven las alianzas estratégicas? -- Crear empresa para exportar142LEMBaAdministración de empresas 142LEMBaGestión (Administración)142LEMBaComercio exterior 142LEMBaComercio internacional vGuía 142LEMB aAlianzas estratégicas 142LEMB aCreación de empresas  2ddccBK aBogotá bCámara de Comercio de Barranquillac2001 atextobtxt2rdacontent asin mediaciónbn2rdamedia avolumenbnc2rdacarrier aCO-BoRNBPbspaerdacCO-BoRNBP c4552d4552 00102ddc40708GENaMEDORADObMEDORADOcGENd2022-12-30l0o658.11 C15fpDOR00622r2022-12-30 00:00:00tEj.1w2022-12-30yBK 00102ddc40708GENaMEPRICObMEPRICOcGENd2023-01-31l0o658.11 C15fpPR00000473r2023-01-31 00:00:00tEj.1w2023-01-31yBK 00102ddc40708GENaMESMARTIbMESMARTIcGENd2023-08-11l0o658.11 C15fpSM001594r2023-08-11 20:38:28tEj.1w2023-08-11yBK 00102ddc40708GENaMEMAPIRIbMEMAPIRIcGENd2024-01-05l0o658.11 C15fpMAP0000805r2024-01-05 15:44:06tEj.1w2024-01-05yBK 00102ddc40708GENaMECUMARAbMECUMARAcLITd2024-06-18l0o658.11C15fpCUM0587r2024-06-18 09:21:21tEj.1w2024-06-18yBK 00102ddc40708GENaMEURIBEbMEURIBEcGENd2024-08-09l0o658.11 C15fpURI00842r2024-08-09 12:11:20tEj.1w2024-08-09yBK 00102ddc40708GENaMEBAUPIAbMEBAUPIAcGENd2025-07-08l0o658.11 C15fpBUP1795r2025-07-08 17:01:39tEj.1w2025-07-08yBK 00102ddc40708GENaMEPLOPEZbMEPLOPEZcGENd2025-07-22l0o658.11 C15fpPLZ02492r2025-07-22 10:49:12tEj.1w2025-07-22yBK